<?xml version="1.0" encoding="UTF-8"?>
<record
    xmlns:xsi="http://www.w3.org/2001/XMLSchema-instance"
    xsi:schemaLocation="http://www.loc.gov/MARC21/slim http://www.loc.gov/standards/marcxml/schema/MARC21slim.xsd"
    xmlns="http://www.loc.gov/MARC21/slim">

  <leader>00722nam a22001697a 4500</leader>
  <controlfield tag="008">160504b        xxu||||| |||| 00| 0 eng d</controlfield>
  <datafield tag="020" ind1=" " ind2=" ">
    <subfield code="a">9788445322581</subfield>
  </datafield>
  <datafield tag="020" ind1=" " ind2=" ">
    <subfield code="a">8445322583</subfield>
  </datafield>
  <datafield tag="082" ind1=" " ind2=" ">
    <subfield code="a">708</subfield>
    <subfield code="b">G865j</subfield>
  </datafield>
  <datafield tag="110" ind1=" " ind2=" ">
    <subfield code="a">Centro Galego de Arte Contempor&#xE1;nea (Santiago de Compostela)</subfield>
    <subfield code="9">4933</subfield>
  </datafield>
  <datafield tag="245" ind1=" " ind2=" ">
    <subfield code="a">Johan Grimonprez.</subfield>
    <subfield code="c">Centro Galego de Arte Contempor&#xE1;nea (Santiago de Compostela)</subfield>
  </datafield>
  <datafield tag="260" ind1=" " ind2=" ">
    <subfield code="a">Santiago </subfield>
    <subfield code="b">Centro Galego de Arte Contempor&#xE1;nea</subfield>
    <subfield code="c">1998.</subfield>
  </datafield>
  <datafield tag="300" ind1=" " ind2=" ">
    <subfield code="a">93 pag</subfield>
    <subfield code="b">illustrations (some color)</subfield>
    <subfield code="c">23 cm</subfield>
  </datafield>
  <datafield tag="650" ind1=" " ind2=" ">
    <subfield code="a">Johan Grimonprez 1962</subfield>
    <subfield code="v">Exhibiciones</subfield>
    <subfield code="x">Arte Belgica</subfield>
    <subfield code="y">Arte Multimedia</subfield>
    <subfield code="z">Siglo XXI</subfield>
    <subfield code="9">4934</subfield>
  </datafield>
  <datafield tag="700" ind1=" " ind2=" ">
    <subfield code="a">Johan Grimonprez.</subfield>
    <subfield code="9">4935</subfield>
  </datafield>
  <datafield tag="710" ind1=" " ind2=" ">
    <subfield code="a">Centro Galego de Arte Contempor&#xE1;nea (Santiago de Compostela)</subfield>
    <subfield code="9">4936</subfield>
  </datafield>
  <datafield tag="999" ind1=" " ind2=" ">
    <subfield code="c">897</subfield>
    <subfield code="d">897</subfield>
  </datafield>
  <datafield tag="952" ind1=" " ind2=" ">
    <subfield code="0">0</subfield>
    <subfield code="1">0</subfield>
    <subfield code="2">ddc</subfield>
    <subfield code="4">0</subfield>
    <subfield code="7">0</subfield>
    <subfield code="a">LV</subfield>
    <subfield code="b">LV</subfield>
    <subfield code="c">Monograf&#xED;as</subfield>
    <subfield code="d">2016-05-04</subfield>
    <subfield code="l">0</subfield>
    <subfield code="o">708 G865j</subfield>
    <subfield code="p">000808</subfield>
    <subfield code="r">2016-05-04 00:00:00</subfield>
    <subfield code="w">2016-05-04</subfield>
    <subfield code="y">01</subfield>
  </datafield>
</record>
